The Story Of India's Cheetahs (Record no. 200459)

MARC details
000 -LEADER
fixed length control field 00634nam a22002177a 4500
005 - DATE AND TIME OF LATEST TRANSACTION
control field 20240130152611.0
010 ## - LCCN (DPL NO)
LC control number ENG-139092
020 ## - INTERNATIONAL STANDARD BOOK NUMBER
International Standard Book Number 9789354095801
035 ## - SYSTEM CONTROL NUMBER
System control number EN-122624
035 ## - SYSTEM CONTROL NUMBER
System control number B-513991-996
037 ## - SOURCE OF ACQUISITION
Source of stock number/acquisition DBAD/PUB
037 ## - SOURCE OF ACQUISITION
Source of stock number/acquisition BSB/Ven
Stock number dpl
082 04 - DEWEY DECIMAL CLASSIFICATION NUMBER
Classification number 333.954
Edition number 1st
100 1# - MAIN ENTRY--PERSONAL NAME
Dates associated with a name 2023
245 10 - TITLE STATEMENT
Title The Story Of India's Cheetahs
Statement of responsibility, etc Divyabhanusinh
250 ## - EDITION STATEMENT
Edition statement 1st
260 ## - PUBLICATION, DISTRIBUTION, ETC. (IMPRINT)
Place of publication, distribution, etc Mumbai
Name of publisher, distributor, etc Jyotsna Nambiar
Date of publication, distribution, etc 2023
270 ## - ADDRESS
Address Marg Foundation at Army & Navy Building (3rd Floor) 148, M.G. Road, Mumbai-400001
300 ## - PHYSICAL DESCRIPTION
Extent 322 p.
Dimensions 29cm(Hb)
942 ## - ADDED ENTRY ELEMENTS (KOHA)
Source of classification or shelving scheme Dewey Decimal Classification
Item type English Books
Classification part 333.954
Call number suffix DIV
Edition 1st
Holdings
Withdrawn status Lost status Not for loan Collection code Home library Current library Date acquired Source of acquisition Cost, normal purchase price Full call number Barcode Koha item type
    Not For Loan Reference Sarojini Nagar Sarojini Nagar 30/01/2024 DBAD/PUB 2800.00 333.954 DIV EN-122624 English Books

© Delhi Public Library
Hit Counter
free hit counter